[Event "ch-EU"]
[Site "Cork IRL"]
[Date "2005.03.25"]
[Round "4"]
[White "Quinn,M"]
[Black "Miezis,N"]
[Result "1/2-1/2"]
[WhiteElo "2395"]
[BlackElo "2547"]

1.d4 e6 2.Nf3 Nf6 3.c4 Bb4+ 4.Nbd2 c5 5.a3 Bxd2+ 6.Qxd2 cxd4 7.Qxd4 Nc6 8.Qf4 e5
9.Qg3 e4 10.Nd2 O-O 11.e3 d5 12.Be2 d4 13.b4 Re8 14.Bb2 Bf5 15.Qf4 Bg6 16.b5 Ne5
17.O-O Nh5 18.Bxh5 Nd3 19.Qg3 Nxb2 20.Bxg6 hxg6 21.Ra2 Na4 22.exd4 Qxd4 23.Rc2 Qd3
24.Rfc1 Nc5 25.Qe3 Qxe3 26.fxe3 Rad8 27.Nb1 Rd3 28.Kf2 Red8 29.a4 Rb3 30.Ke2 Rdd3
31.Nc3 b6 32.Nd5 Ra3 33.Rf1 f6 34.Rf4 g5 35.Rg4 Kf7 36.h4 gxh4 37.Rxh4 Rxa4
38.Rh8 Raa3 39.Rc8 Ne6 40.Rc6 f5 41.Kf2 g5 42.Re2 Rd1 43.Rd6 Raa1 44.Rd7+ Kf8
45.Kg3 Nc5 46.Rc7 Nb3 47.Nf6 Re1 48.Rd7 Rh1 49.Nh7+ Kg8 50.Nxg5 Rhe1 51.Rxe1 Rxe1
52.Nh7 Rxe3+ 53.Kh4 Nc5 54.Nf6+ Kf8 55.Nh7+ Ke8 56.Nf6+ Kf8 57.Nh7+  1/2-1/2

[Event "ch-EU"]
[Site "Cork IRL"]
[Date "2005.03.29"]
[Round "8"]
[White "Cmilyte,V"]
[Black "Miezis,N"]
[Result "0-1"]
[WhiteElo "2468"]
[BlackElo "2547"]

1.d4 Nf6 2.c4 e6 3.Nf3 Bb4+ 4.Nbd2 b6 5.a3 Bxd2+ 6.Qxd2 Bb7 7.g3 O-O 8.Bg2 Nc6
9.b4 Ne7 10.O-O Be4 11.Bb2 Nf5 12.Rfc1 a6 13.d5 exd5 14.cxd5 Re8 15.Ne1 Bxg2
16.Nxg2 c6 17.Qg5 Rxe2 18.Ra2 Nd4 19.Bxd4 Rxa2 20.d6 h6 21.Qf5 Ne8 22.Qe5 Qf6
23.Qxf6 gxf6 24.Bxb6 Nxd6 25.Ne3 Re8 26.Rd1 Ne4 27.Nf5 Rd2 28.Re1 Kh7 29.Nxh6 Nd6
30.Rxe8 Nxe8 31.Nxf7 Ra2 32.Nd8 Nd6 33.Bd4 Kg6 34.h4 f5 35.Kg2 Rxa3 36.f3 Rb3
37.Bc5 Nc4 38.g4 fxg4 39.fxg4 Ne5 40.Nb7 Nxg4 41.Nd6 Ne5  0-1

[Event "ch-RUS w 1st League"]
[Site "Samara RUS"]
[Date "2005.03.31"]
[Round "9"]
[White "Slavina,I"]
[Black "Demina,J"]
[Result "1/2-1/2"]
[WhiteElo "2415"]
[BlackElo "2346"]

1.d4 Nf6 2.c4 e6 3.Nf3 Bb4+ 4.Nbd2 O-O 5.a3 Be7 6.e4 d5 7.Bd3 c5 8.e5 Nfd7
9.cxd5 exd5 10.O-O Nc6 11.Re1 a5 12.dxc5  1/2-1/2

[Event "It C"]
[Site "Dos Hermanas ESP"]
[Date "2005.04.07"]
[Round "7"]
[White "Komljenovic,D"]
[Black "Razmyslov,A"]
[Result "1-0"]
[WhiteElo "2477"]
[BlackElo "2325"]

1.d4 Nf6 2.Nf3 e6 3.c4 Bb4+ 4.Nbd2 d5 5.Qa4+ Nc6 6.a3 Be7 7.b4 dxc4 8.Nxc4 O-O
9.Bb2 a6 10.Qc2 a5 11.b5 Na7 12.a4 Bb4+ 13.Bc3 Nd5 14.Bxb4 axb4 15.Qb2 f5
16.e3 Rf6 17.Be2 c6 18.O-O cxb5 19.axb5 Bd7 20.b6 Nc6 21.Nfe5 Rxa1 22.Rxa1 Rf8
23.Qb3 Nxe5 24.Nxe5 Bc6 25.Nxc6 bxc6 26.Ra6 Qd6 27.Qc4 f4 28.e4 Nc3 29.Bf3 Nb5
30.e5 Qd8 31.d5 exd5 32.Qxc6  1-0

[Event "Extraliga CZE 2004-5"]
[Site "Czech Rep CZE"]
[Date "2005.04.16"]
[Round "10"]
[White "Spacek,P"]
[Black "Jurcik,Mari"]
[Result "1/2-1/2"]
[WhiteElo "2392"]
[BlackElo "2342"]

1.d4 Nf6 2.c4 e6 3.Nf3 Bb4+ 4.Nbd2 b6 5.e3 Bb7 6.Bd3 O-O 7.O-O c5 8.Qe2 cxd4
9.exd4 d5 10.a3 Bxd2 11.Bxd2 dxc4 12.Bxc4 Nd5 13.Rfe1 Qd6 14.Qe4 Nc6 15.Bd3 Nf6
16.Qh4 Rfd8 17.Be3 Ne7 18.Bf4 Qd7 19.Be5  1/2-1/2

[Event "TCh-RUS w"]
[Site "Sochi RUS"]
[Date "2005.04.23"]
[Round "5"]
[White "Slavina,I"]
[Black "Kovalevskaya,E"]
[Result "1/2-1/2"]
[WhiteElo "2415"]
[BlackElo "2469"]

1.d4 Nf6 2.c4 e6 3.Nf3 Bb4+ 4.Nbd2 O-O 5.a3 Be7 6.e4 d5 7.e5 Nfd7 8.b4 dxc4
9.Nxc4 Nb6 10.Qc2 Bd7 11.Bb2 Ba4 12.Qd2 N8d7 13.Na5 Rb8 14.Bd3 Nd5 15.Rc1 a6
16.O-O Bb5 17.Bxb5 axb5 18.Rc2 c6 19.Ne1 Qe8 20.Nd3 Bd8 21.Nb3 N7b6 22.Na5 Na4
23.Nb3 Nab6 24.Na5 Na4  1/2-1/2

[Event "ch-SCG w"]
[Site "Pancevo SCG"]
[Date "2005.04.24"]
[Round "7"]
[White "Vasic,M"]
[Black "Maksimovic,S"]
[Result "1/2-1/2"]
[WhiteElo "2180"]
[BlackElo "2231"]

1.d4 Nf6 2.c4 e6 3.Nf3 Bb4+ 4.Nbd2 O-O 5.a3 Be7 6.e4 d5 7.e5 Nfd7 8.Bd3 c5
9.O-O Nc6 10.Qc2 h6 11.Nb3 a5 12.Rd1 a4 13.Nxc5 Bxc5 14.dxc5 Ndxe5 15.Nxe5 Nxe5
16.cxd5 exd5 17.Bh7+ Kh8 18.Bf5 Be6 19.Qc3 Qf6 20.Bc2 Nd7 21.Qxf6 Nxf6 22.Be3 Rfc8
23.f4 Ne4 24.f5 Bxf5 25.Rxd5 Bg6 26.Re5 Nf6 27.Bxg6 fxg6 28.h3 Re8 29.Bd4 Rxe5
30.Bxe5 Nd7 31.Bd4 Re8 32.Rd1 Nb8 33.Bc3 Nc6 34.Rf1 g5 35.Rf7 Re7 36.Bxg7+ Kh7
37.Rxe7 Nxe7 38.Bd4 Kg6 39.Kf2 Kf5 40.Kf3 h5 41.g4+ hxg4+ 42.hxg4+ Ke6 43.Be3 Nc6
44.Bxg5 Ne5+ 45.Kf4 Nd3+ 46.Ke4 Ne5 47.Kf4 Nd3+ 48.Kf3 Nxb2 49.Ke4 Nc4 50.Bc1 Ne5
51.g5 Ng6 52.Kd4 Ne5 53.Ke4 Ng6 54.Bb2 Ne7 55.Kd4 Kf5 56.Bc1 Ke6 57.Kc4 Kd7
58.Kb5 Ng6 59.Kxa4 Kc6 60.Kb4 Ne5 61.Be3 Nd3+ 62.Kc4 Ne5+ 63.Kd4 Nf3+ 64.Kc4 Nxg5
65.Bxg5 b6 66.Be3  1/2-1/2

[Event "2nd Open"]
[Site "Porto Carras GRE"]
[Date "2005.04.27"]
[Round "8"]
[White "Obodchuk,A"]
[Black "Allahverdiev,A"]
[Result "1/2-1/2"]
[WhiteElo "2442"]
[BlackElo "2441"]

1.d4 Nf6 2.c4 e6 3.Nf3 Bb4+ 4.Nbd2 b6 5.a3 Bxd2+ 6.Bxd2 Bb7 7.Bg5 d6 8.e3 Nbd7
9.Nd2 h6 10.Bh4 Qe7 11.f3 c5 12.dxc5 dxc5 13.Be2 O-O 14.Qc2 Ne5 15.O-O-O a6
16.g4 b5 17.Rhg1 Rfd8 18.g5 Nfd7 19.Ne4 Ng6 20.Bg3 Bxe4 21.Qxe4 hxg5 22.Bd6 Qe8
23.cxb5 Nf6 24.Qc6 axb5 25.Qxb5 Qxb5 26.Bxb5 Nd5 27.Bg3 Rdc8 28.Bf2 Ne5 29.e4 Nf4
30.Rxg5 f6 31.Rxe5 fxe5 32.Kc2 Kf7  1/2-1/2

[Event "GM"]
[Site "Ostrava CZE"]
[Date "2005.05.01"]
[Round "2"]
[White "Czakon,J"]
[Black "Dydyshko,V"]
[Result "1/2-1/2"]
[WhiteElo "2447"]
[BlackElo "2549"]

1.d4 Nf6 2.Nf3 e6 3.c4 Bb4+ 4.Nbd2 O-O 5.e3 d5 6.a3 Be7 7.Bd3 b6 8.b3 Bb7
9.Bb2 Nbd7 10.O-O c5 11.Qe2 Rc8 12.Rfd1 cxd4 13.exd4 Re8 14.Ne5 Bf8 15.Ndf3 Ne4
16.Rac1 Re7 17.cxd5 exd5 18.Rxc8 Qxc8 19.Rc1 Qd8 20.Qc2 Nb8 21.b4 f6 22.Ng4 Re8
23.Bb5 Re6 24.Ne3 Bd6 25.g3 g6 26.Qb3 Bf8 27.Bf1 Bh6 28.Bh3 Re8 29.Re1 Na6
30.b5 Nc7 31.a4 Ne6 32.Bg2 Qd6 33.Ng4 Bg7 34.Rc1 Bf8 35.Ne1 Be7 36.Ne3 f5
37.Nf3 Bf6 38.Bf1 h5 39.Ba3 Qd7 40.Qd3 Kh7 41.Bh3 N6g5  1/2-1/2

[Event "Open A"]
[Site "Djakovo CRO"]
[Date "2005.05.06"]
[Round "8"]
[White "Saric,A"]
[Black "Kovacevic,B"]
[Result "1/2-1/2"]
[WhiteElo "2472"]
[BlackElo "2510"]

1.d4 e6 2.Nf3 Nf6 3.c4 Bb4+ 4.Nbd2 b6 5.e3 Bb7 6.Bd3 c5 7.O-O cxd4 8.exd4 O-O
9.a3 Be7 10.Qe2 d5 11.b3 Nc6 12.Bb2 Rc8 13.Rfe1 Re8 14.Ne5 Bf8 15.cxd5 Nxe5
16.dxe5 Nxd5 17.Be4 Qg5 18.Nf3 Qh5 19.h3 g6 20.Qf1 Qh6 21.Bc1 Qg7 22.Bg5 Be7
23.Bxe7 Rxe7 24.Rac1 Qf8 25.Nd4 Nc3 26.Bxb7 Rxb7 27.Nb5 Nxb5 28.Rxc8 Qxc8
29.Qxb5 Rd7 30.Re3 Rd5 31.Qa4 Ra5 32.Qh4 Rd5 33.b4 Qc2 34.Qf6 Rd3 35.Rxd3 Qxd3
36.Qe7 a5 37.Qc7 axb4 38.axb4 Qd1+ 39.Kh2 Qd4 40.Kg1 Kg7 41.b5 h5 42.h4 Qa1+
43.Kh2 Qd4 44.Kg1  1/2-1/2

[Event "FSIM May"]
[Site "Budapest HUN"]
[Date "2005.05.14"]
[Round "8"]
[White "Werner,Di"]
[Black "Prohaszka,P2"]
[Result "1-0"]
[WhiteElo "2334"]
[BlackElo "2265"]

1.d4 Nf6 2.c4 e6 3.Nf3 Bb4+ 4.Nbd2 b6 5.g3 Bb7 6.Bg2 c5 7.a3 Bxd2+ 8.Qxd2 cxd4
9.O-O O-O 10.Qxd4 Nc6 11.Qd3 d5 12.cxd5 Qxd5 13.Qxd5 Nxd5 14.Bd2 Na5 15.Bxa5 bxa5
16.Rfc1 Nb6 17.Ne5 Bxg2 18.Kxg2 Rfd8 19.Rc2 a4 20.f4 f6 21.Nd3 Rac8 22.Rac1 Rxc2
23.Rxc2 Kf7 24.Rc7+ Rd7 25.Rc6 Rd8 26.Kf3 Rc8 27.Rxc8 Nxc8 28.e4 Nb6 29.Ke3 Nc4+
30.Kd4 Nd2 31.Ne1 g5 32.fxg5 fxg5 33.g4 Kf6 34.Kd3 Nf1 35.Nf3 h5 36.gxh5 g4
37.Ke2 gxf3+ 38.Kxf1 Kg5 39.Kf2 Kxh5 40.Kxf3 Kh4 41.Kf4  1-0

[Event "ch-LTU"]
[Site "Siauliai LTU"]
[Date "2005.05.14"]
[Round "11"]
[White "Cmilyte,V"]
[Black "Butnorius,A"]
[Result "1/2-1/2"]
[WhiteElo "2459"]
[BlackElo "2424"]

1.d4 Nf6 2.c4 e6 3.Nf3 Bb4+ 4.Nbd2 b6 5.a3 Bxd2+ 6.Qxd2 Bb7 7.g3 a5 8.b3 d6
9.Bg2 Be4 10.Bb2 Nbd7 11.O-O O-O 12.Rfe1 Qb8 13.Bf1 Rd8 14.Qc3 c5 15.Nd2  1/2-1/2

[Event "Torch Real Estate Cup"]
[Site "Wuxi CHN"]
[Date "2005.05.14"]
[Round "13"]
[White "Zhao Xue"]
[Black "Yuan Jun"]
[Result "1-0"]
[WhiteElo "2478"]
[BlackElo "2306"]

1.d4 Nf6 2.c4 e6 3.Nf3 Bb4+ 4.Nbd2 b6 5.a3 Bxd2+ 6.Bxd2 Bb7 7.Bg5 d6 8.e3 Nbd7
9.Be2 h6 10.Bh4 O-O 11.O-O Qe7 12.Qc2 c5 13.Rfd1 Rac8 14.b4 Rfd8 15.Qa4 a6
16.Qb3 Ba8 17.Qb2 Rb8 18.Rac1 g5 19.Bg3 Ne4 20.Nd2 Nxg3 21.hxg3 Nf6 22.Rb1 cxd4
23.exd4 Ne4 24.Nf1 Qf6 25.f3  1-0

[Event "1st Rapid Open"]
[Site "Livry Gargan BEL"]
[Date "2005.05.15"]
[Round "1"]
[White "Holcman,J"]
[Black "Dgebuadze,A"]
[Result "0-1"]
[WhiteElo "2097"]
[BlackElo "2534"]

1.d4 e6 2.c4 Nf6 3.Nf3 Bb4+ 4.Nbd2 b6 5.g3 Bb7 6.Bg2 O-O 7.O-O d5 8.a3 Be7
9.b3 c5 10.dxc5 bxc5 11.cxd5 exd5 12.Bb2 Nbd7 13.e3 Re8 14.Qc2 Qb6 15.Rab1 a5
16.Ne5 Nxe5 17.Bxe5 Bf8 18.Ba1 Qe6 19.Nc4 Ba6 20.Rfc1 dxc4 21.Bxa8 Rxa8 22.bxc4 Ne4
23.f3 Nd6 24.e4 Nxc4 25.Rb3 Rc8 26.Rc3 Ne5 27.f4 Nd7 28.e5 Bb7 29.Re3 Qc6
30.Kf2 Qg2+ 31.Ke1 Qg1+ 32.Kd2 Qxh2+ 33.Kd3 c4+ 34.Kc3 Qxc2+ 35.Rxc2 Bxa3  0-1

[Event "Chigorin CC"]
[Site "St Petersburg RUS"]
[Date "2005.05.20"]
[Round "5"]
[White "Krylov,K"]
[Black "Zamyshlyaev,V"]
[Result "1/2-1/2"]
[WhiteElo "2174"]
[BlackElo "2227"]

1.d4 e6 2.c4 Nf6 3.Nf3 Bb4+ 4.Nbd2 O-O 5.g3 b6 6.Bg2 Bb7 7.O-O a5 8.a3 Bxd2
9.Bxd2 Be4 10.Bf4 d6 11.b4 axb4 12.axb4 Nbd7 13.Qb3 Qc8 14.Bh3 b5 15.Nd2 bxc4
16.Qxc4 Rxa1 17.Rxa1 Bd5 18.Qc2 Qb7 19.Rc1 Qxb4 20.Qxc7 Qxd4 21.Qxd6 Ra8  1/2-1/2

[Event "Dueball mem"]
[Site "Solingen GER"]
[Date "2005.05.22"]
[Round "1"]
[White "Pilaj,H"]
[Black "Hecht,HJ"]
[Result "0-1"]
[WhiteElo "2426"]
[BlackElo "2384"]

1.d4 Nf6 2.Nf3 e6 3.c4 Bb4+ 4.Nbd2 O-O 5.a3 Be7 6.e4 d5 7.Bd3 c5 8.e5 Nfd7
9.h4 h6 10.cxd5 exd5 11.b4 cxd4 12.Nb3 Nc6 13.Bf4 Re8 14.O-O Bxh4 15.Re1 Be7
16.b5 Na5 17.e6 fxe6 18.Nxa5 Qxa5 19.Bg6 Rf8 20.Rxe6 Bc5 21.Bd2 Qd8 22.Qc1 Nf6
23.Re1 Ne4 24.Bxe4 dxe4 25.Rxe4 Bf5 26.Re5 b6 27.Qc4+ Kh8 28.Rae1 Qf6 29.Nxd4 Bd3
30.Qxd3 Qxf2+ 31.Kh1 Qh4+ 32.Qh3 Qxh3+ 33.gxh3 Bxd4 34.Re7 Bf6 35.Rb7 Rfd8
36.Bb4 Rd5 37.a4 Rd3 38.Kg2 Rc8 39.Re2 Rc4 40.Be7 Bxe7 41.Rexe7 Rc2+ 42.Kf1 Rxh3
43.Kg1 Ra3  0-1

[Event "TCh-ROM A"]
[Site "Tusnad ROM"]
[Date "2005.05.24"]
[Round "4"]
[White "Zhukova,N"]
[Black "Maksimovic,S"]
[Result "1-0"]
[WhiteElo "2479"]
[BlackElo "2231"]

1.d4 Nf6 2.c4 e6 3.Nf3 Bb4+ 4.Nbd2 O-O 5.a3 Be7 6.e4 d5 7.Bd3 c5 8.dxc5 dxe4
9.Nxe4 Nxe4 10.Bxe4 Qxd1+ 11.Kxd1 f5 12.Bc2 a5 13.Be3 f4 14.Bd2 Nc6 15.Rb1 Bxc5
16.Ng5 e5 17.f3 h6 18.Ne4 Bd4 19.Nc3 Be6 20.Nd5 Rad8 21.Ke1 Kh8 22.Be4 b6
23.Bc3 Bxd5 24.cxd5 Ne7 25.Bxd4 exd4 26.Rd1 Nxd5 27.Rxd4 Ne3 28.Rxd8 Rxd8
29.Ke2 Nxg2 30.Rc1 Ne3 31.Rc7 Kg8 32.Bg6 Nd5 33.Rb7 Kf8 34.Rf7+ Kg8 35.h4 Re8+
36.Kd3 Re3+ 37.Kd4 Ne7 38.Rxf4 Nxg6 39.Kxe3 Nxf4 40.Kxf4 Kf7 41.Kf5 a4 42.h5 g6+
43.hxg6+ Kg7 44.f4 b5 45.Ke6  1-0

[Event "TCh-BIH Prem"]
[Site "Neum BIH"]
[Date "2005.06.08"]
[Round "5"]
[White "Bilobrk,F"]
[Black "Yemelin,V"]
[Result "0-1"]
[WhiteElo "2403"]
[BlackElo "2540"]

1.d4 Nf6 2.c4 e6 3.Nf3 Bb4+ 4.Nbd2 d6 5.g3 Nbd7 6.Bg2 e5 7.O-O exd4 8.Nb3 Bc5
9.Nfxd4 Bb6 10.Nf5 O-O 11.Be3 Re8 12.Rc1 Ne5 13.Nfd4 c6 14.c5 dxc5 15.Nxc5 Nfg4
16.Bf4 Ng6 17.e3 Nxf4 18.exf4 Nf6 19.h3 a5 20.a3 h6 21.Nf3 Bxc5 22.Rxc5 Qb6
23.Qc2 Ne4 24.Re1 Bxh3 25.Re5 Bxg2 26.Kxg2 Nf6 27.Nh4 Red8 28.Nf5 Rd7 29.Qc3 Rad8
30.R1e2 a4 31.R5e3 c5 32.g4 Qc6+ 33.f3 Kh7 34.Kg3 g6 35.Ne7 Qd6 36.Rd3 Qxd3
37.Qxf6 Qd4 38.Re5 Qg1+ 39.Kh3 Qh1+ 40.Kg3 Qg1+ 41.Kh3 Rf8 42.Nxg6 Qh1+ 43.Kg3 Qg1+
44.Kh3 Rd2 45.Nxf8+ Kg8 46.Rg5+ hxg5 47.Qxg5+ Kxf8 48.Qh6+ Ke8  0-1

[Event "19th Open Pula"]
[Site "Pula CRO"]
[Date "2005.06.19"]
[Round "1"]
[White "Jankovic,A"]
[Black "Konic,Z"]
[Result "1-0"]
[WhiteElo "2480"]
[BlackElo "2060"]

1.d4 Nf6 2.Nf3 e6 3.c4 Bb4+ 4.Nbd2 O-O 5.a3 Be7 6.e4 d6 7.Bd3 h6 8.O-O b6
9.Re1 Nbd7 10.e5 Nh7 11.Bb1 Re8 12.Qc2 Nhf8 13.h4 Bb7 14.h5 c5 15.Ne4 Bxe4
16.Rxe4 f5 17.exf6 Bxf6 18.a4 Rc8 19.d5 exd5 20.cxd5 Rxe4 21.Qxe4 Qe7 22.Qg4 Kh8
23.Ra3 Qf7 24.Qf5 Rc7 25.Bf4 Ne5 26.Nxe5 dxe5 27.d6 Rd7 28.Bxe5 Bxe5 29.Qxe5 Qe6
30.Rf3  1-0

[Event "Torch Real Estate Cup"]
[Site "Xiapu CHN"]
[Date "2005.06.26"]
[Round "19"]
[White "Zhukova,N"]
[Black "Zhao Lan"]
[Result "1-0"]
[WhiteElo "2479"]
[BlackElo "2187"]

1.d4 Nf6 2.c4 e6 3.Nf3 Bb4+ 4.Nbd2 b6 5.a3 Bxd2+ 6.Qxd2 Bb7 7.e3 O-O 8.Be2 d6
9.O-O Nbd7 10.b4 Qe7 11.Bb2 Ne4 12.Qc2 f5 13.Rad1 a5 14.d5 e5 15.Ne1 g6 16.f4 axb4
17.axb4 Rfe8 18.Bf3 Nef6 19.g3 Ba6 20.h3 Bc8 21.Kh2 Bb7 22.Rf2 Ra2 23.Qb3 Rea8
24.Rc2 Kg7 25.Bg2 Kh6 26.fxe5 dxe5 27.d6 cxd6 28.Bxb7 Nc5 29.bxc5 Qxb7 30.cxd6 Nd7
31.c5  1-0

[Event "4th Open"]
[Site "La Fere FRA"]
[Date "2005.07.04"]
[Round "3"]
[White "Grooten,H"]
[Black "Bogdan,D"]
[Result "1-0"]
[WhiteElo "2376"]
[BlackElo "2455"]

1.d4 Nf6 2.c4 e6 3.Nf3 Bb4+ 4.Nbd2 b6 5.a3 Bxd2+ 6.Bxd2 Bb7 7.Bg5 h6 8.Bh4 d6
9.e3 Nbd7 10.Nd2 Qe7 11.f3 g5 12.Bf2 Rg8 13.Be2 h5 14.e4 c5 15.d5 exd5 16.cxd5 Ne5
17.Qc2 Nfd7 18.O-O-O O-O-O 19.Nf1 Ng6 20.Ne3 Nde5 21.Kb1 Kb8 22.Nf5 Qf6 23.h4 gxh4
24.Nxh4 Ne7 25.Be1 Bc8 26.g3 Rde8 27.Qb3 Qg7 28.f4 Ng4 29.Bc3 f6 30.Be1 Ng6
31.Nxg6 Qxg6 32.f5 Qf7 33.Bf3 Re7 34.Rh4 Qe8 35.Bd2 Bd7 36.Qc2 Ba4 37.b3 Bb5
38.Bf4 Kc7 39.Ka2 Rgg7 40.Rdh1 Ne5 41.Bxh5 Qc8 42.Be2 Qa6 43.Bxb5 Qxb5 44.Rh6 Rgf7
45.Bxe5 Rxe5 46.Rh7 Qd7 47.Rxf7 Qxf7 48.Rh4 Re7 49.Qd3 Qe8 50.a4 Kb7 51.e5 Rxe5
52.Rh7+ Re7 53.Qe4  1-0

[Event "2nd RUS Pupils Summer Girls"]
[Site "Satka RUS"]
[Date "2005.07.04"]
[Round "7"]
[White "Drozdova,D"]
[Black "Ivanova,T"]
[Result "1/2-1/2"]
[WhiteElo "2189"]
[BlackElo "2043"]

1.d4 Nf6 2.c4 e6 3.Nf3 Bb4+ 4.Nbd2 O-O 5.a3 Bxd2+ 6.Nxd2 Nc6 7.e3 a5 8.Bd3 d6
9.b3 e5 10.d5 Nb8 11.Qc2 Na6 12.Bb2 Nc5 13.b4 Nxd3+ 14.Qxd3 Qe7 15.O-O Ng4
16.h3 Nh6 17.Rae1 Bf5 18.e4 Bd7 19.f4 f6 20.f5 axb4 21.axb4 Ra2 22.Qb3 Rfa8
23.Ra1 Rxa1 24.Rxa1 Qe8 25.Rxa8 Qxa8 26.Qa3 Qxa3 27.Bxa3 b6 28.c5 Bb5 29.cxd6 cxd6
30.Nb1 Bd3 31.Nc3 b5 32.Bc1 Nf7 33.Kf2 g6 34.g4 g5 35.Kg3 Kf8 36.h4 gxh4+
37.Kxh4 h6 38.Be3 Ng5 39.Bxg5 hxg5+ 40.Kg3 Ke7 41.Kf3 Kd7 42.Nd1 Ke7 43.Ke3 Bf1
44.Kd2 Bg2 45.Kd3 Bf1+ 46.Ke3 Kd7 47.Kf3 Ke7 48.Nc3 Kd7 49.Nb1 Bd3 50.Nd2 Bc2
51.Ke3 Bd1 52.Nb1 Bxg4 53.Nc3 Bh5 54.Nxb5 Be8 55.Nc3 Kc7 56.Kd3 Kb6 57.Ke3 Bh5
58.Kf2 Bf7 59.Kf3 Bh5+ 60.Kg3 Bf7 61.Kg4  1/2-1/2

[Event "Open A"]
[Site "Klatovy CZE"]
[Date "2005.07.08"]
[Round "7"]
[White "Volak,M"]
[Black "Palek,M"]
[Result "1/2-1/2"]
[WhiteElo "2175"]
[BlackElo "2282"]

1.d4 Nf6 2.c4 e6 3.Nf3 Bb4+ 4.Nbd2 d5 5.a3 Be7 6.Qc2 b6 7.e4 dxe4 8.Nxe4 Bb7
9.Bd3 Nbd7 10.O-O O-O 11.Rd1 Qc8 12.Bf4 Nxe4 13.Bxe4 Nf6 14.Bxb7 Qxb7 15.Re1 c5
16.dxc5 Bxc5 17.b4  1/2-1/2

[Event "FSGM July"]
[Site "Budapest HUN"]
[Date "2005.07.09"]
[Round "8"]
[White "Thorfinnsson,Br"]
[Black "Bindrich,F"]
[Result "0-1"]
[WhiteElo "2328"]
[BlackElo "2391"]

1.d4 Nf6 2.c4 e6 3.Nf3 Bb4+ 4.Nbd2 b6 5.e3 Bb7 6.Bd3 O-O 7.O-O d5 8.b3 Nbd7
9.Bb2 Ne4 10.cxd5 exd5 11.Rc1 Rc8 12.Qe2 Qe7 13.Rc2 a5 14.Rfc1 Bd6 15.Nf1 f5
16.Ba6 Bxa6 17.Qxa6 f4 18.Qb7 Kh8 19.exf4 Bxf4 20.Re1 Qf7 21.Ng3 Ng5 22.Ne5 Bxe5
23.dxe5 Nc5 24.e6 Ngxe6 25.Qxd5 Qg6 26.Qc4 Rf4 27.Qc3 Rcf8 28.Rce2 Qf7 29.Rxe6 Nxe6
30.Rxe6 Rxf2 31.Re1 b5 32.a3 b4 33.axb4 axb4 34.Qxb4 Rxb2 35.Rf1 Rf2 36.Qxf8+ Qxf8
37.Rxf2 Qc5 38.Ne4 Qc1+ 39.Rf1 Qe3+ 40.Rf2 g5 41.Nd2 Qe1+ 42.Nf1 g4 43.Rc2 Qb4
44.Rc4 Qxb3 45.Rf4 c5 46.Kf2 Qc2+ 47.Kg3 h5 48.h3 Qd3+ 49.Kh4 gxh3 50.gxh3 Kg7
51.Nh2 Qd6 52.Kg3 c4 53.Nf3 c3 54.Nd4 Qb8 55.Ne6+ Kh8 56.Kh4 c2 57.Rc4 Qe8
58.Rxc2 Qa4+ 59.Nd4 Qxd4+ 60.Kg5 Qe5+  0-1

[Event "Politiken Cup"]
[Site "Copenhagen DEN"]
[Date "2005.07.16"]
[Round "1"]
[White "Molvig,H"]
[Black "Forsmann,H"]
[Result "1/2-1/2"]
[WhiteElo "2227"]
[BlackElo "1803"]

1.d4 Nf6 2.c4 e6 3.Nf3 Bb4+ 4.Nbd2 b6 5.a3 Be7 6.e4 d6 7.Bd3 Bb7 8.O-O O-O
9.Qc2 h6 10.b4 c5 11.bxc5 dxc5 12.d5 exd5 13.exd5 Nbd7 14.Bb2 Qc7 15.Rfe1 Rfe8
16.Qc3 Bf8 17.Ne4 b5 18.d6 Qb6 19.Nfd2 b4 20.axb4 cxb4 21.Qd4 Qc6 22.c5 a5
23.f3 Nd5 24.Bc4 Nf4 25.Bf1 Ne6 26.Qf2  1/2-1/2

[Event "ch-Paris Open"]
[Site "Paris FRA"]
[Date "2005.07.17"]
[Round "9"]
[White "Malakhatko,V"]
[Black "Bagheri,A"]
[Result "1/2-1/2"]
[WhiteElo "2556"]
[BlackElo "2537"]

1.d4 Nf6 2.c4 e6 3.Nf3 Bb4+ 4.Nbd2 b6 5.a3 Bxd2+ 6.Bxd2 Bb7 7.Bg5 d6 8.e3 Nbd7
9.Bh4 Qe7 10.Be2 c5 11.O-O O-O 12.b4 Rfd8 13.Qb3 Rac8 14.Rfd1 Nf8 15.Nd2 Ng6
16.Bg3 e5 17.d5 b5 18.Nf3 Nf8 19.Bh4 Ng6 20.h3 Ne4 21.Bg3 Ng5 22.Bh2 Ne4
23.Qb2 Bxd5 24.Qb3 Bb7 25.Nd2 Nf6 26.Nf3 Nf8 27.bxc5 dxc5 28.Nxe5 Ng6 29.Nxg6 hxg6
30.a4  1/2-1/2

[Event "Aegean Open"]
[Site "Kirykos GRE"]
[Date "2005.07.18"]
[Round "7"]
[White "Svetushkin,D"]
[Black "Slavina,I"]
[Result "1-0"]
[WhiteElo "2514"]
[BlackElo "2391"]

1.d4 Nf6 2.c4 e6 3.Nf3 Bb4+ 4.Nbd2 O-O 5.a3 Be7 6.b4 b6 7.Bb2 Bb7 8.Qc2 c5
9.dxc5 bxc5 10.b5 d5 11.e3 a6 12.a4 Nbd7 13.Be2 axb5 14.axb5 Rxa1+ 15.Bxa1 Qc7
16.O-O Ra8 17.h3 h6 18.Bc3 Bd6 19.Rb1 Nb6 20.Bxf6 gxf6 21.e4 d4 22.Bd3 Na4
23.Ra1 Nc3 24.Rxa8+ Bxa8 25.Nb1 Qa5 26.Nxc3 dxc3 27.Qc1 Kg7 28.Ne1 Be5 29.Nc2 Qd8
30.Qe3 Bf4 31.Qe2 e5 32.Na1 Qa5 33.Nb3 Qa3 34.Bc2 Qb2 35.Nxc5 Bd2 36.Qd1 Qb4
37.Qg4+ Kf8 38.Nd7+ Ke7 39.Nb6 Qb2 40.Qd1 Bb7 41.g3 Qa3 42.Nd5+ Bxd5 43.exd5 Kd6
44.Qb1 Qc1+ 45.Qxc1 Bxc1 46.Kf1 Kc5 47.Ke2 Ba3 48.Kd3 Bb4 49.g4 Ba5 50.Bb3 Kb4
51.Ba2 e4+ 52.Kc2 Kc5 53.Kb3 Kd4 54.d6 Kc5 55.d7 Kd6 56.Bb1 Kxd7 57.c5 c2
58.Bxc2 Be1 59.Bxe4 Bxf2 60.Kc4 Be3 61.b6 Bg1 62.Kd5 Be3 63.c6+  1-0

[Event "MTO Open"]
[Site "Biel SUI"]
[Date "2005.07.19"]
[Round "2"]
[White "Alekseev,Evgeny"]
[Black "Masserey,Y"]
[Result "1-0"]
[WhiteElo "2625"]
[BlackElo "2338"]

1.d4 Nf6 2.c4 e6 3.Nf3 Bb4+ 4.Nbd2 O-O 5.a3 Be7 6.e4 d5 7.e5 Nfd7 8.b4 a5
9.b5 c5 10.Bb2 cxd4 11.Bxd4 b6 12.cxd5 exd5 13.Bd3 Nc5 14.Bc2 a4 15.O-O Bg4
16.Qb1 h6 17.h3 Bxf3 18.Nxf3 Nbd7 19.Qa2 Ra5 20.Bc3 Ra8 21.Qxd5 Qc7 22.Rad1 Rfd8
23.Bb2 Nf8 24.Qc4 Nfe6 25.Bc1 Qa7 26.Qg4 Kf8 27.Be3 Qa5 28.Qc4 Rac8 29.Rxd8+ Rxd8
30.Rd1 Rxd1+ 31.Bxd1 Qa8 32.Nd2 Bg5 33.f4 Be7 34.f5  1-0

[Event "Open A"]
[Site "Pardubice CZE"]
[Date "2005.07.23"]
[Round "2"]
[White "Shushpanov,V"]
[Black "Kunz,K"]
[Result "1-0"]
[WhiteElo "2389"]
[BlackElo "2233"]

1.d4 Nf6 2.c4 e6 3.Nf3 Bb4+ 4.Nbd2 b6 5.e3 O-O 6.Be2 Bb7 7.O-O d5 8.a3 Be7
9.b4 a5 10.b5 a4 11.Bb2 c6 12.Rc1 cxb5 13.cxb5 Nbd7 14.Nb1 Ne4 15.Nc3 Nxc3
16.Rxc3 Qb8 17.Qc2 Bd6 18.h3 h6 19.Rc1 f5 20.Ne1 Qd8 21.Nd3 Qh4 22.Rc7 Rfc8
23.Rxd7 Rxc2 24.Rxc2 Rd8 25.Rxb7 f4 26.exf4 g5 27.Bg4 gxf4 28.Bxe6+ Kh8 29.Ne5 Bxe5
30.dxe5 f3 31.Rcc7 Qe4 32.Rh7+ Qxh7 33.Rxh7+ Kxh7  1-0

[Event "MTO Open"]
[Site "Biel SUI"]
[Date "2005.07.27"]
[Round "9"]
[White "Costa,JL"]
[Black "Bocharov,D"]
[Result "1/2-1/2"]
[WhiteElo "2381"]
[BlackElo "2574"]

1.d4 Nf6 2.c4 e6 3.Nf3 Bb4+ 4.Nbd2 O-O 5.g3 b6 6.Bg2 Bb7 7.O-O d5 8.cxd5 exd5
9.Ne5 Re8 10.Ndf3 Bd6 11.Bg5 h6 12.Bxf6 Qxf6 13.Re1 Na6 14.Rc1 c5 15.e3 Nc7
16.b3 Ne6 17.h4 Rac8 18.Qd3 Rc7 19.Rc2 Rec8 20.Rec1 a6 21.a4 Re8 22.Nh2 Qe7
23.f4 cxd4 24.exd4 Rec8 25.Rxc7 Rxc7 26.Rxc7 Qxc7 27.Nhg4  1/2-1/2

[Event "Open A"]
[Site "Pardubice CZE"]
[Date "2005.07.27"]
[Round "6"]
[White "Chasovnikova,E"]
[Black "Askarov,M"]
[Result "0-1"]
[WhiteElo "2299"]
[BlackElo "2421"]

1.d4 Nf6 2.Nf3 e6 3.c4 Bb4+ 4.Nbd2 O-O 5.a3 Bxd2+ 6.Qxd2 b6 7.e3 Bb7 8.Be2 d6
9.b4 Nbd7 10.Bb2 Qe7 11.O-O e5 12.d5 b5 13.c5 dxc5 14.Bxb5 Bxd5 15.Bxd7 Bxf3
16.Bf5 Ne4 17.Bxe4 Bxe4 18.bxc5 Rab8 19.f3 Bd3 20.Rfc1 Rb3 21.Rc3 Rfb8 22.Rxb3 Rxb3
23.Rc1 e4 24.Rc3 Rb8 25.fxe4 Bxe4 26.Rc4 Bc6 27.h4 Re8 28.Rg4 f6 29.Bd4 h5
30.Rf4 Be4 31.Qb4 Qe6 32.Qb2 Qf7 33.Qf2 Qg6 34.Qa2+ Kh7 35.Qb2 Rb8 36.Qf2 Rb1+
37.Kh2 Rc1 38.Qg3 Rh1+ 39.Kxh1 Qxg3 40.Rxe4 a5 41.Kg1 Qe1+ 42.Kh2 c6 43.Re6 Qxh4+
44.Kg1 Qe1+ 45.Kh2 h4 46.Rd6 Qg3+ 47.Kh1 Kg6 48.a4 Kf5 49.Rxc6 h3 50.gxh3 Qxh3+
51.Kg1 Qg3+ 52.Kf1 Qf3+  0-1

[Event "Open Dutch Championship"]
[Site "Dieren NED"]
[Date "2005.08.02"]
[Round "7"]
[White "Savchenko,S"]
[Black "Ikonnikov,Vy"]
[Result "1/2-1/2"]
[WhiteElo "2506"]
[BlackElo "2560"]

1.d4 Nf6 2.c4 e6 3.Nf3 Bb4+ 4.Nbd2 a5 5.g3 d6 6.Bg2 Nc6 7.O-O e5 8.Nb1 exd4
9.Nxd4 Nxd4 10.Qxd4 Bc5 11.Qh4 O-O 12.Bg5 h6 13.Bxf6 Qxf6 14.Qxf6 gxf6 15.Nc3 c6
16.Ne4 Kg7 17.Rfd1 Be6 18.Nxc5 dxc5 19.b3 f5 20.e3 Rfd8 21.Bf1 Rxd1 22.Rxd1 a4
23.Rb1 axb3 24.axb3 Bc8 25.Rb2 Kf6 26.Bd3 Ra1+ 27.Kg2 Rd1 28.Be2 Rc1 29.Bd3 Rc3
30.Be2 Ke5 31.Bf3 Kd6 32.Be2 Be6 33.Kf3 Ke5 34.Kg2 b5 35.h3 bxc4 36.bxc4 Bxc4
37.Bxc4 Rxc4 38.Rb7 Rb4 39.Re7+ Kd6 40.Rxf7 c4 41.Kf1 Rb2 42.Ke1 Kc5 43.Rxf5+ Kb4
44.Rf6 c5 45.e4 Kb3 46.Rb6+ Kc2 47.Rc6 c3 48.e5 Kb1 49.Rxc5 c2 50.f4 c1=Q+
51.Rxc1+ Kxc1 52.e6 Rb4 53.Ke2 Re4+ 54.Kd3 Rxe6 55.g4 Ra6 56.g5 hxg5 57.fxg5 Ra4
58.Ke3 Kc2 59.g6 Ra6 60.Kf4 Rxg6 61.h4 Ra6 62.Kg5 Kd3 63.h5 Ra5+ 64.Kg6 Ke4
65.h6 Ra6+ 66.Kg7 Kf5 67.h7 Ra7+ 68.Kh6 Ra6+ 69.Kg7 Ra7+ 70.Kh6 Ra8 71.Kg7 Kg5
72.h8=Q Ra7+ 73.Kg8 Ra8+ 74.Kh7 Rxh8+ 75.Kxh8  1/2-1/2